[Event "BUL champ seniors 2011"]
[Site "?"]
[Date "2011.05.18"]
[Round "6.7"]
[White "Stoyanov, Stoyan"]
[Black "Nikolov, Savko"]
[Result "1/2-1/2"]
[WhiteElo "2096"]
[BlackElo "1920"]
[PlyCount "87"]
[EventDate "2011.05.18"]
[SourceDate "2011.05.15"]

1. e4 c5 2. Bc4 e6 3. Nc3 Nc6 4. f4 Nge7 5. e5 Nf5 6. Nf3 d5 7. Bb5 Bd7 8. O-O
a6 9. Bxc6 Bxc6 10. d3 b5 11. d4 Qb6 12. Ne2 b4 13. c3 Bb5 14. g4 Nh6 15. h3
Be7 16. Rf2 Bxe2 17. Rxe2 Kd7 18. Be3 Rhc8 19. f5 Ng8 20. c4 Ke8 21. cxd5 exd5
22. g5 g6 23. f6 cxd4 24. Nxd4 Bc5 25. Kg2 h6 26. gxh6 Nxh6 27. Bxh6 Bxd4 28.
Bf4 Rc6 29. Qb3 Rc4 30. Rd1 Rd8 31. Red2 Qc5 32. Qf3 Rc1 33. Qd3 Rc8 34. Qxa6
Be3 35. Bxe3 Qxe3 36. Qb5+ Kf8 37. Qxd5 Qg5+ 38. Kh1 Kg8 39. e6 Qxd5+ 40. Rxd5
fxe6 41. Rd7 R8c7 42. R7d2 R7c2 43. Kg2 Kf7 44. Kg3 1/2-1/2

[Event "BUL champ seniors 2011"]
[Site "?"]
[Date "2011.05.18"]
[Round "6.5"]
[White "Ljangov, Petar"]
[Black "Anev, Asen"]
[Result "1-0"]
[WhiteElo "2064"]
[BlackElo "2072"]
[PlyCount "101"]
[EventDate "2011.05.18"]
[SourceDate "2011.05.15"]

1. d4 c5 2. dxc5 Na6 3. Nf3 e6 4. e3 Nxc5 5. c4 Ne4 6. Be2 Bb4+ 7. Nbd2 Nxd2 8.
Bxd2 Qa5 9. O-O Bxd2 10. Nxd2 Nf6 11. Nb3 Qc7 12. Qd4 O-O 13. Rfd1 b6 14. Rac1
Bb7 15. Qd6 Rac8 16. Qxc7 Rxc7 17. c5 Rfc8 18. cxb6 Rxc1 19. Rxc1 Rxc1+ 20.
Nxc1 axb6 21. Bd3 Kf8 22. Ne2 Ke7 23. Nc3 Bc6 24. f3 Nd5 25. Nxd5+ Bxd5 26. a3
h6 27. Kf2 Bb3 28. Ke1 d5 29. Kd2 Kd6 30. Kc3 Ba4 31. Kb4 Bc6 32. Bb5 Bb7 33.
Bd3 Bc6 34. b3 g5 35. Bf1 f5 36. g3 e5 37. f4 gxf4 38. gxf4 d4 39. exd4 exd4
40. Bd3 Ke6 41. Bc4+ Kd6 42. Bf7 Be4 43. Kc4 d3 44. Kc3 b5 45. Be8 Kc5 46. b4+
Kb6 47. a4 bxa4 48. Bxa4 Ka6 49. Bb3 Kb5 50. Bc4+ Ka4 51. Bxd3 1-0

[Event "BUL champ seniors 2011"]
[Site "?"]
[Date "2011.05.18"]
[Round "6.4"]
[White "Andreev, Dobrotich"]
[Black "Mitov, Borislav"]
[Result "1-0"]
[WhiteElo "2065"]
[BlackElo "2101"]
[PlyCount "61"]
[EventDate "2011.05.18"]
[SourceDate "2011.05.15"]

1. e4 d6 2. d4 Nf6 3. Nc3 g6 4. f3 Bg7 5. Be3 O-O 6. Qd2 c6 7. Nge2 b5 8. g4
Qa5 9. g5 b4 10. Nd1 Nfd7 11. a3 c5 12. Nc1 Qb6 13. dxc5 dxc5 14. axb4 Qxb4 15.
Qxb4 cxb4 16. Rxa7 Rxa7 17. Bxa7 Nc6 18. Be3 Nde5 19. Be2 Be6 20. b3 Rc8 21. f4
Nd7 22. Bd3 Nd4 23. Bxd4 Bxd4 24. Ne2 Bg7 25. Ne3 f5 26. exf5 gxf5 27. Ng3 Nc5
28. Bxf5 Bxf5 29. Ngxf5 Bf8 30. Nd5 e6 31. Nfe7+ 1-0

[Event "BUL champ seniors 2011"]
[Site "?"]
[Date "2011.05.18"]
[Round "6.8"]
[White "Mahlev, Atanas"]
[Black "Artunov, Kirkor"]
[Result "0-1"]
[WhiteElo "1939"]
[BlackElo "2038"]
[PlyCount "54"]
[EventDate "2011.05.18"]
[SourceDate "2011.05.15"]

1. e4 c5 2. Nc3 Nc6 3. g3 g6 4. Bg2 Bg7 5. d3 Nd4 6. Nge2 d6 7. Be3 h5 8. Qd2
h4 9. O-O Bg4 10. h3 Bf3 11. Nxd4 Bxg2 12. Nde2 Bxf1 13. Rxf1 Nf6 14. g4 Qd7
15. f4 O-O-O 16. Nd5 Nxd5 17. exd5 Kb8 18. Bf2 e6 19. dxe6 Qxe6 20. Nc3 b6 21.
Re1 Qd7 22. Nd5 Rhe8 23. Rxe8 Rxe8 24. Ne3 d5 25. Ng2 Qe7 26. Bxh4 Qe2 27. Qxe2
Rxe2 0-1

[Event "BUL champ seniors 2011"]
[Site "?"]
[Date "2011.05.18"]
[Round "7.1"]
[White "Arnaudov, Petar"]
[Black "Andreev, Dobrotich"]
[Result "1-0"]
[WhiteElo "2189"]
[BlackElo "2065"]
[PlyCount "47"]
[EventDate "2011.05.18"]
[SourceDate "2011.05.15"]

1. f4 e5 2. e4 d5 3. exd5 exf4 4. Nf3 Nf6 5. c4 c6 6. d4 cxd5 7. Bxf4 Bb4+ 8.
Nc3 O-O 9. Be2 Ne4 10. Qb3 Qa5 11. Rc1 Be6 12. O-O Bxc3 13. bxc3 Nd7 14. cxd5
Bxd5 15. c4 Bc6 16. Kh1 b6 17. d5 Ndc5 18. Qb2 Bd7 19. Ne5 Rfe8 20. Nxf7 Na4
21. Qd4 Nac3 22. Bh6 Nf6 23. Bxg7 Nxe2 24. Qxf6 1-0

[Event "BUL champ seniors 2011"]
[Site "?"]
[Date "2011.05.18"]
[Round "7.10"]
[White "Atanasov, Stoyan"]
[Black "Kostov, Nikolay"]
[Result "0-1"]
[WhiteElo "1865"]
[BlackElo "1995"]
[PlyCount "48"]
[EventDate "2011.05.18"]
[SourceDate "2011.05.15"]

1. e4 e5 2. Nc3 Nf6 3. g3 c6 4. Bg2 d6 5. h3 g6 6. d3 Bg7 7. Bg5 h6 8. Be3 d5
9. exd5 cxd5 10. Nce2 Nc6 11. f4 exf4 12. Nxf4 O-O 13. Nf3 Re8 14. Kf2 g5 15.
Ne2 Qc7 16. g4 Bxg4 17. Ned4 Nxd4 18. Bxd4 Bh5 19. c3 Rad8 20. Qd2 Ne4+ 21.
dxe4 dxe4 22. Rhe1 exf3 23. Rxe8+ Rxe8 24. Bxf3 Qh2+ 0-1

[Event "BUL champ seniors 2011"]
[Site "?"]
[Date "2011.05.18"]
[Round "7.9"]
[White "Sapareva, Magdalena"]
[Black "Artunov, Kirkor"]
[Result "0-1"]
[WhiteElo "1677"]
[BlackElo "2038"]
[PlyCount "82"]
[EventDate "2011.05.18"]
[SourceDate "2011.05.15"]

1. b4 a5 2. b5 b6 3. a4 d5 4. d4 Nf6 5. e3 e6 6. Nf3 Bd6 7. Ba3 h6 8. Nbd2 Bb7
9. Be2 Bxa3 10. Rxa3 O-O 11. Ne5 Qd6 12. Ra1 Nbd7 13. Ng4 Nxg4 14. Bxg4 f5 15.
Be2 e5 16. dxe5 Qxe5 17. O-O f4 18. exf4 Rxf4 19. Nf3 Qf6 20. g3 Rf5 21. Qd4
Re8 22. Qxf6 Rxf6 23. Nd4 Re4 24. Rad1 Nc5 25. f3 Re3 26. Kf2 Ra3 27. Ra1 Rxa4
28. Rxa4 Nxa4 29. c4 Nc5 30. h4 Kf8 31. Ke3 Ke7 32. g4 Ne6 33. Nf5+ Kf8 34. Rd1
dxc4 35. Bxc4 Bc8 36. Bxe6 Bxe6 37. Rd8+ Kf7 38. Nd4 g5 39. Nxe6 Rxe6+ 40. Kf2
gxh4 41. Rd7+ Re7 0-1

[Event "BUL champ seniors 2011"]
[Site "?"]
[Date "2011.05.18"]
[Round "7.11"]
[White "Ivanov, Dimitar"]
[Black "Orev, Bozhidar"]
[Result "1/2-1/2"]
[WhiteElo "1966"]
[BlackElo "1910"]
[PlyCount "24"]
[EventDate "2011.05.18"]
[SourceDate "2011.05.15"]

1. d4 f5 2. c4 Nf6 3. Nc3 g6 4. g3 Bg7 5. Bg2 O-O 6. Bg5 c6 7. Nh3 d6 8. O-O
Qc7 9. Qd2 e5 10. Rad1 Ng4 11. dxe5 Nxe5 12. b3 Nf7 1/2-1/2

[Event "BUL champ seniors 2011"]
[Site "?"]
[Date "2011.05.18"]
[Round "7.3"]
[White "Cholakov, Stefan"]
[Black "Orev, Petar"]
[Result "1/2-1/2"]
[WhiteElo "2177"]
[BlackElo "2224"]
[PlyCount "73"]
[EventDate "2011.05.18"]
[SourceDate "2011.05.15"]

1. d4 Nf6 2. Nf3 e6 3. Bg5 c5 4. e3 Nc6 5. Nbd2 Be7 6. c3 cxd4 7. exd4 h6 8.
Bh4 Nh5 9. Bxe7 Qxe7 10. g3 d5 11. Bb5 Nf6 12. Ne5 Bd7 13. Nxd7 Nxd7 14. O-O
O-O 15. f4 f5 16. Qa4 Qd6 17. Nf3 a6 18. Bxc6 bxc6 19. Rfe1 Nf6 20. Ne5 Rfc8
21. Rad1 c5 22. dxc5 Qxc5+ 23. Qd4 a5 24. Nf3 Ne4 25. Qxc5 Rxc5 26. Nd2 Rb8 27.
Nxe4 fxe4 28. Rd2 Kf7 29. Kf2 Kf6 30. Ke3 h5 31. h3 a4 32. a3 Rc4 33. Ree2 Rc7
34. Rd4 Rcb7 35. Rb4 Rxb4 36. axb4 Rc8 37. Kd2 1/2-1/2

[Event "BUL champ seniors 2011"]
[Site "?"]
[Date "2011.05.18"]
[Round "7.8"]
[White "Nikolov, Savko"]
[Black "Tsenukov, Angel"]
[Result "1/2-1/2"]
[WhiteElo "1920"]
[BlackElo "2056"]
[PlyCount "55"]
[EventDate "2011.05.18"]
[SourceDate "2011.05.15"]

1. d4 Nf6 2. c4 g6 3. Nc3 Bg7 4. e4 d6 5. Be2 O-O 6. Bg5 c5 7. d5 Qa5 8. Bd2 e6
9. f4 exd5 10. cxd5 Re8 11. Nf3 Qb6 12. Qc2 Nxe4 13. Nxe4 Bf5 14. Bd3 Bxe4 15.
Bxe4 f5 16. O-O-O Rxe4 17. Bc3 Nd7 18. Bxg7 Kxg7 19. Ng5 Ree8 20. Qc3+ Nf6 21.
Rhe1 h6 22. Nh7 Kxh7 23. Qxf6 Qc7 24. Re6 Qg7 25. Rxd6 Qxf6 26. Rxf6 Kg7 27.
Re6 Kf7 28. Rde1 1/2-1/2

[Event "BUL champ seniors 2011"]
[Site "?"]
[Date "2011.05.18"]
[Round "7.4"]
[White "Ljangov, Petar"]
[Black "Ribarov, Plamen"]
[Result "1-0"]
[WhiteElo "2064"]
[BlackElo "2068"]
[PlyCount "65"]
[EventDate "2011.05.18"]
[SourceDate "2011.05.15"]

1. d4 d5 2. Nf3 Nf6 3. c4 c6 4. e3 Bg4 5. Nc3 e6 6. Qb3 Qb6 7. Ne5 Bf5 8. Bd3
Bxd3 9. Nxd3 Nbd7 10. Bd2 Qa6 11. cxd5 Qxd3 12. dxe6 fxe6 13. Qxe6+ Be7 14. Rd1
Qa6 15. b3 c5 16. Qxa6 bxa6 17. d5 Nb6 18. e4 c4 19. O-O cxb3 20. axb3 Bb4 21.
Na2 Bxd2 22. Rxd2 Kf7 23. f3 Rac8 24. Nb4 Rc3 25. Rb2 Rhc8 26. Nc6 Nfd7 27.
Nxa7 Rb8 28. Nc6 Rb7 29. Ra1 Nc8 30. Rxa6 Rbxb3 31. Rxb3 Rxb3 32. Ra2 g6 33. e5
1-0

[Event "BUL champ seniors 2011"]
[Site "?"]
[Date "2011.05.18"]
[Round "7.6"]
[White "Videnov, Ivan"]
[Black "Karadimov, Marin"]
[Result "0-1"]
[WhiteElo "2062"]
[BlackElo "2060"]
[PlyCount "64"]
[EventDate "2011.05.18"]
[SourceDate "2011.05.15"]

1. d4 d5 2. c4 e5 3. e3 exd4 4. exd4 Nf6 5. Nd2 Nc6 6. Ngf3 dxc4 7. Nxc4 Bb4+
8. Bd2 O-O 9. Bxb4 Nxb4 10. Be2 Bf5 11. Ne3 Be4 12. O-O Nbd5 13. Qd2 Nf4 14.
Bd1 N6d5 15. Re1 Nd3 16. Rf1 Re8 17. Ng4 N5f4 18. Nge5 Nxe5 19. Qxf4 Ng6 20.
Qg3 c6 21. Ne5 Qxd4 22. Nxg6 Bxg6 23. Rc1 Qd2 24. Qc3 Qxc3 25. Rxc3 Rad8 26.
Bc2 Rd2 27. Bxg6 hxg6 28. Rb3 b6 29. g3 Ree2 30. Ra3 a5 31. Rb3 Rxb2 32. Rxb2
Rxb2 0-1

[Event "BUL champ seniors 2011"]
[Site "?"]
[Date "2011.05.19"]
[Round "8.6"]
[White "Artunov, Kirkor"]
[Black "Kolev, Velio"]
[Result "1/2-1/2"]
[WhiteElo "2038"]
[BlackElo "1936"]
[PlyCount "26"]
[EventDate "2011.05.18"]
[SourceDate "2011.05.15"]

1. e4 e5 2. Nf3 Nc6 3. Bc4 d6 4. O-O Be6 5. Bxe6 fxe6 6. d4 exd4 7. Nxd4 Qd7 8.
Qh5+ g6 9. Qd1 Bg7 10. Be3 Nxd4 11. Bxd4 e5 12. Be3 Nf6 13. Nc3 O-O 1/2-1/2

[Event "BUL champ seniors 2011"]
[Site "?"]
[Date "2011.05.19"]
[Round "8.7"]
[White "Kostov, Nikolay"]
[Black "Mitov, Borislav"]
[Result "1/2-1/2"]
[WhiteElo "1995"]
[BlackElo "2101"]
[PlyCount "30"]
[EventDate "2011.05.18"]
[SourceDate "2011.05.15"]

1. d4 Nf6 2. c4 d6 3. Nc3 Nbd7 4. g3 e5 5. Bg2 c6 6. e4 Be7 7. Nge2 O-O 8. O-O
Re8 9. d5 c5 10. a3 a6 11. Qc2 Nf8 12. f4 Bg4 13. fxe5 dxe5 14. Bg5 h6 15. Be3
b6 1/2-1/2

[Event "BUL champ seniors 2011"]
[Site "?"]
[Date "2011.05.19"]
[Round "8.4"]
[White "Ribarov, Plamen"]
[Black "Cholakov, Stefan"]
[Result "1/2-1/2"]
[WhiteElo "2068"]
[BlackElo "2177"]
[PlyCount "46"]
[EventDate "2011.05.18"]
[SourceDate "2011.05.15"]

1. d4 Nf6 2. Nf3 g6 3. Bg5 Bg7 4. e3 c5 5. c3 d5 6. Bd3 O-O 7. Nbd2 Bg4 8. h3
Bxf3 9. Nxf3 Nbd7 10. O-O Rc8 11. Qe2 h6 12. Bf4 Qb6 13. Ne5 Nxe5 14. Bxe5 Nd7
15. Bxg7 Kxg7 16. Rad1 e6 17. Rd2 a6 18. Bb1 Qc7 19. e4 dxe4 20. Bxe4 b5 21.
Rfd1 Nf6 22. dxc5 Nxe4 23. Qxe4 Qxc5 1/2-1/2

[Event "BUL champ seniors 2011"]
[Site "?"]
[Date "2011.05.19"]
[Round "8.10"]
[White "Sapareva, Magdalena"]
[Black "Anev, Asen"]
[Result "0-1"]
[WhiteElo "1677"]
[BlackElo "2072"]
[PlyCount "50"]
[EventDate "2011.05.18"]
[SourceDate "2011.05.15"]

1. b4 e5 2. Bb2 f6 3. a3 d5 4. e3 c5 5. c3 Be6 6. d4 exd4 7. exd4 c4 8. a4 Bd6
9. Ne2 Ne7 10. h3 Nd7 11. Na3 a6 12. Bc1 Qc7 13. b5 O-O 14. g3 Bf5 15. Bg2 Be4
16. O-O f5 17. Bf4 Ng6 18. Bxd6 Qxd6 19. Nc2 Bxg2 20. Kxg2 f4 21. Kh2 Nf6 22.
f3 fxg3+ 23. Nxg3 Nh5 24. Rg1 Nh4 25. Ne1 Rae8 0-1

[Event "BUL champ seniors 2011"]
[Site "?"]
[Date "2011.05.19"]
[Round "8.8"]
[White "Tsenukov, Angel"]
[Black "Videnov, Ivan"]
[Result "1-0"]
[WhiteElo "2056"]
[BlackElo "2062"]
[PlyCount "61"]
[EventDate "2011.05.18"]
[SourceDate "2011.05.15"]

1. b3 d5 2. Bb2 c5 3. Nf3 Nf6 4. e3 e6 5. h3 Nc6 6. Bb5 Bd7 7. Bxc6 Bxc6 8. Ne5
Bd6 9. Nxc6 bxc6 10. O-O O-O 11. f4 Rc8 12. Be5 Bxe5 13. fxe5 Nd7 14. d4 Qg5
15. Qe1 a5 16. Nd2 a4 17. Rf4 axb3 18. cxb3 cxd4 19. Nf3 Qe7 20. exd4 c5 21.
Kh1 Rfe8 22. Qd2 cxd4 23. Rxd4 Qa3 24. Rg4 Kh8 25. Qg5 Qf8 26. Rh4 g6 27. Rf1
Rc2 28. Nh2 Rec8 29. Rhf4 Rxa2 30. Rxf7 Qd8 31. Rxh7+ 1-0

[Event "BUL champ seniors 2011"]
[Site "?"]
[Date "2011.05.19"]
[Round "8.1"]
[White "Arnaudov, Petar"]
[Black "Vachev, Vladimir"]
[Result "0-1"]
[WhiteElo "2189"]
[BlackElo "2149"]
[PlyCount "84"]
[EventDate "2011.05.18"]
[SourceDate "2011.05.15"]

1. e4 c6 2. d4 d5 3. e5 Bf5 4. h4 h5 5. Bd3 Bxd3 6. Qxd3 e6 7. Ne2 c5 8. c3 Qb6
9. Nd2 Nc6 10. O-O cxd4 11. cxd4 Nh6 12. Nf3 Nf5 13. Bg5 Be7 14. Bxe7 Ncxe7 15.
a3 Nc6 16. b4 Qd8 17. g3 O-O 18. Nf4 g6 19. Rfc1 Qd7 20. Ng2 Rfc8 21. Ne3 Nce7
22. Kg2 Rxc1 23. Rxc1 Rc8 24. Nxf5 Nxf5 25. Rc3 Ne7 26. Ng5 Rxc3 27. Qxc3 b6
28. f3 Qc6 29. Qd2 Nf5 30. g4 Qc2 31. Qxc2 Ne3+ 32. Kf2 Nxc2 33. Nh3 hxg4 34.
fxg4 Nxa3 35. Nf4 Nc2 36. Nd3 Nxd4 37. Ke3 Nc6 38. Kd2 a5 39. bxa5 bxa5 40. Ke3
a4 41. Kf4 a3 42. Nc1 Nb4 0-1

[Event "BUL champ seniors 2011"]
[Site "?"]
[Date "2011.05.19"]
[Round "8.12"]
[White "Dimitrov, Notyo"]
[Black "Berberyan, Maruke"]
[Result "0-1"]
[WhiteElo "1791"]
[BlackElo "1583"]
[PlyCount "74"]
[EventDate "2011.05.18"]
[SourceDate "2011.05.15"]

1. d4 Nf6 2. c4 d6 3. Nf3 g6 4. g3 Bg7 5. Nc3 c6 6. Bg2 O-O 7. O-O Qc7 8. e4 e5
9. dxe5 dxe5 10. Qc2 Rd8 11. Be3 h6 12. Rad1 Bg4 13. Rxd8+ Qxd8 14. Rd1 Qc7 15.
Qe2 Bxf3 16. Bxf3 Nbd7 17. Qd2 Kh7 18. b3 a6 19. Bg2 Nb6 20. Bh3 Re8 21. Qd6
Qxd6 22. Rxd6 Nc8 23. Rd2 Bf8 24. Bd7 Rd8 25. Bxc8 Rxc8 26. Ne2 Rc7 27. Rd3 Bb4
28. h3 Nd7 29. Nc1 Bc5 30. Bxc5 Nxc5 31. Rd6 Ne6 32. Ne2 Kg7 33. Nc3 Nd4 34.
Kg2 Kf8 35. Ne2 Ke7 36. Rxd4 exd4 37. Nxd4 Rd7 0-1

[Event "BUL champ seniors 2011"]
[Site "?"]
[Date "2011.05.19"]
[Round "8.12"]
[White "Nikolov, Savko"]
[Black "Ivanov, Dimitar"]
[Result "1/2-1/2"]
[WhiteElo "1920"]
[BlackElo "1966"]
[PlyCount "73"]
[EventDate "2011.05.18"]
[SourceDate "2011.05.15"]

1. c4 c5 2. Nc3 Nc6 3. Nf3 e5 4. e4 Nf6 5. Nd5 Nxe4 6. Nxe5 Nxe5 7. Qe2 d6 8.
Qxe4 Be6 9. Be2 Bxd5 10. Qxd5 Nc6 11. O-O Be7 12. d3 O-O 13. a3 Nd4 14. Bd1 Qc7
15. Be3 Bf6 16. Rb1 Rae8 17. Bxd4 Bxd4 18. Bf3 b6 19. Qg5 Re5 20. Qf4 Qe7 21.
Bd5 g6 22. b4 Kg7 23. a4 Re8 24. g3 Rf5 25. Qe4 Qd8 26. Qg4 h5 27. Qd1 Qf6 28.
Qc2 Rfe5 29. Be4 h4 30. Kg2 Rh8 31. bxc5 dxc5 32. Qd1 Reh5 33. g4 h3+ 34. Kh1
Qf4 35. f3 Rg5 36. Qc1 Qxc1 37. Rfxc1 1/2-1/2

[Event "BUL champ seniors 2011"]
[Site "?"]
[Date "2011.05.19"]
[Round "8.5"]
[White "Karadimov, Marin"]
[Black "Stoyanov, Stoyan"]
[Result "1/2-1/2"]
[WhiteElo "2060"]
[BlackElo "2096"]
[PlyCount "93"]
[EventDate "2011.05.18"]
[SourceDate "2011.05.15"]

1. e4 c5 2. Nc3 Nc6 3. g3 g6 4. Bg2 d6 5. f4 e5 6. d3 Bg7 7. Nf3 Bg4 8. h3 Bd7
9. O-O Nge7 10. Be3 O-O 11. f5 gxf5 12. Nh4 Nd4 13. Rf2 f4 14. gxf4 Nd5 15.
Nxd5 Qxh4 16. f5 Bh6 17. Qd2 Bxe3 18. Qxe3 Kh8 19. c3 Nc6 20. Kh2 Rg8 21. Rg1
Rg5 22. Bf1 Rxg1 23. Kxg1 Rg8+ 24. Rg2 Rxg2+ 25. Bxg2 Ne7 26. Nxe7 Qxe7 27. Qh6
f6 28. Kf2 Qg7 29. Qh5 Kg8 30. Bf3 Kf8 31. Qh4 Bb5 32. c4 Bc6 33. Bh5 Qh6 34.
Kg3 Qe3+ 35. Kg2 Qd2+ 36. Kg1 Ke7 37. Bf3 h6 38. Qg3 Be8 39. Qg7+ Bf7 40. Bh5
Qg5+ 41. Qxg5 hxg5 42. Be2 Kf8 43. Kf2 Kg7 44. b3 Kh6 45. Ke1 Bh5 46. Bg4 b6
47. Kd2 1/2-1/2

[Event "BUL champ seniors 2011"]
[Site "?"]
[Date "2011.05.20"]
[Round "9.7"]
[White "Mitov, Borislav"]
[Black "Artunov, Kirkor"]
[Result "1/2-1/2"]
[WhiteElo "2101"]
[BlackElo "2038"]
[PlyCount "34"]
[EventDate "2011.05.18"]
[SourceDate "2011.05.15"]

1. c4 e6 2. Nc3 Nf6 3. Nf3 d5 4. d4 a6 5. cxd5 exd5 6. Bg5 Be7 7. e3 c6 8. Qc2
Nbd7 9. Bd3 h6 10. Bh4 O-O 11. O-O Re8 12. Rab1 Ne4 13. Bxe7 Qxe7 14. Bxe4 dxe4
15. Nd2 f5 16. b4 Nb6 17. g4 Be6 1/2-1/2

[Event "BUL champ seniors 2011"]
[Site "?"]
[Date "2011.05.20"]
[Round "9.10"]
[White "Orev, Bozhidar"]
[Black "Videnov, Ivan"]
[Result "1-0"]
[WhiteElo "1910"]
[BlackElo "2062"]
[PlyCount "41"]
[EventDate "2011.05.18"]
[SourceDate "2011.05.15"]

1. e4 c5 2. c3 g6 3. d4 e6 4. Nf3 b6 5. Be3 Bb7 6. Bd3 Nf6 7. Qc2 Ng4 8. Bg5
Be7 9. Nbd2 Nc6 10. h3 Nf6 11. a3 a5 12. e5 Nd5 13. Ne4 cxd4 14. Nd6+ Kf8 15.
Nxb7 Qc7 16. Nd6 dxc3 17. bxc3 f6 18. Bh6+ Kg8 19. Bxg6 Bxd6 20. exd6 Qxd6 21.
Be4 1-0

[Event "BUL champ seniors 2011"]
[Site "?"]
[Date "2011.05.20"]
[Round "9.11"]
[White "Mahlev, Atanas"]
[Black "Dimitrov, Notyo"]
[Result "1-0"]
[WhiteElo "1838"]
[BlackElo "1791"]
[PlyCount "49"]
[EventDate "2011.05.18"]
[SourceDate "2011.05.15"]

1. e4 e5 2. Nf3 Nc6 3. Bb5 g6 4. c3 Bg7 5. d3 Qe7 6. Bg5 f6 7. Be3 Nh6 8. h3 a6
9. Ba4 O-O 10. Qc1 Nf7 11. Bb3 Ncd8 12. Bh6 Ne6 13. Bxg7 Kxg7 14. O-O Nf4 15.
Qe3 d6 16. Nh2 Nh6 17. Nd2 f5 18. Bd1 fxe4 19. dxe4 Qf6 20. Bg4 Bxg4 21. Nxg4
Nxg4 22. hxg4 Qe6 23. f3 c5 24. g3 Nh3+ 25. Kg2 1-0

[Event "BUL champ seniors 2011"]
[Site "?"]
[Date "2011.05.20"]
[Round "9.1"]
[White "Ljangov, Petar"]
[Black "Cholakov, Stefan"]
[Result "1/2-1/2"]
[WhiteElo "2064"]
[BlackElo "2177"]
[PlyCount "76"]
[EventDate "2011.05.18"]
[SourceDate "2011.05.15"]

1. Nf3 Nf6 2. b3 g6 3. Bb2 Bg7 4. g3 d5 5. c4 c6 6. Bg2 O-O 7. O-O Nbd7 8. Qc2
Re8 9. Ne5 Nxe5 10. Bxe5 d4 11. d3 Nh5 12. Bxg7 Kxg7 13. Nd2 e5 14. e3 Bf5 15.
e4 Be6 16. Nf3 Bg4 17. Nd2 Qd7 18. Rae1 Bh3 19. Bxh3 Qxh3 20. Qd1 Rf8 21. Qf3
Rae8 22. Qg2 Qxg2+ 23. Kxg2 f6 24. Nf3 Kg8 25. Ng1 Kg7 26. Nh3 h6 27. g4 Nf4+
28. Nxf4 exf4 29. Kf3 g5 30. h4 Re5 31. hxg5 fxg5 32. Rb1 Kg6 33. Rh1 Rh8 34.
b4 Rh7 35. a4 Rd7 36. Ke2 Rh7 37. Kf3 Rd7 38. Ke2 Rh7 1/2-1/2

[Event "BUL champ seniors 2011"]
[Site "?"]
[Date "2011.05.20"]
[Round "9.9"]
[White "Berberyan, Maruke"]
[Black "Nikolov, Savko"]
[Result "0-1"]
[WhiteElo "1583"]
[BlackElo "1920"]
[PlyCount "74"]
[EventDate "2011.05.18"]
[SourceDate "2011.05.15"]

1. d4 d5 2. c4 e6 3. Nc3 c5 4. e3 cxd4 5. exd4 Nf6 6. cxd5 Nxd5 7. Nf3 Bb4 8.
Bd2 Nf6 9. Bb5+ Bd7 10. Bd3 Bc6 11. O-O O-O 12. Rc1 Nbd7 13. Bg5 Qa5 14. Bh4
Bd6 15. Bg3 Bxg3 16. fxg3 Qb6 17. Rf2 Rfd8 18. Qb3 Bxf3 19. Qxb6 Nxb6 20. gxf3
Rxd4 21. Bb1 Rad8 22. Kg2 a6 23. Re2 Nc4 24. Kh3 b6 25. a3 h6 26. Ne4 Nd5 27.
Nc3 Nf6 28. Ne4 Nd2 29. Nxf6+ gxf6 30. Ba2 Nxf3 31. Rf2 Ng5+ 32. Kg2 Ne4 33.
Rfc2 Rd2+ 34. Kg1 Rd1+ 35. Kg2 Rxc1 36. Rxc1 Rd2+ 37. Kf3 Ng5+ 0-1

[Event "BUL champ seniors 2011"]
[Site "?"]
[Date "2011.05.20"]
[Round "9.4"]
[White "Popov, Georgi"]
[Black "Arnaudov, Petar"]
[Result "1/2-1/2"]
[WhiteElo "2165"]
[BlackElo "2189"]
[PlyCount "63"]
[EventDate "2011.05.18"]
[SourceDate "2011.05.15"]

1. Nf3 c5 2. c4 g6 3. e4 Qa5 4. g3 Bg7 5. Bg2 Nc6 6. O-O d6 7. h3 Rb8 8. Nc3 a6
9. a4 e6 10. Ra3 Nge7 11. d3 O-O 12. Bd2 Nb4 13. Bf4 Qc7 14. Qd2 Nec6 15. Ne1
Nd4 16. Bh6 Bxh6 17. Qxh6 f5 18. exf5 gxf5 19. f4 Qg7 20. Qxg7+ Kxg7 21. Kf2
Bd7 22. Ne2 Ndc6 23. Nc3 b6 24. Na2 b5 25. axb5 axb5 26. Nxb4 Nxb4 27. Ra7 Rf7
28. b3 h5 29. Bf3 Be8 30. Rxf7+ Bxf7 31. g4 hxg4 32. hxg4 1/2-1/2

[Event "BUL champ seniors 2011"]
[Site "?"]
[Date "2011.05.20"]
[Round "9.5"]
[White "Stoyanov, Stoyan"]
[Black "Tsenukov, Angel"]
[Result "1-0"]
[WhiteElo "2096"]
[BlackElo "2056"]
[PlyCount "71"]
[EventDate "2011.05.18"]
[SourceDate "2011.05.15"]

1. f4 Nf6 2. Nf3 g6 3. b3 Bg7 4. Bb2 O-O 5. e3 c5 6. Be2 Nc6 7. O-O d6 8. Nc3
Ne4 9. Na4 Nf6 10. Rb1 a6 11. c4 Bf5 12. d3 b5 13. Nc3 b4 14. Nd5 Ne8 15. Bxg7
Nxg7 16. e4 Bg4 17. Ng5 Bxe2 18. Qxe2 Nd4 19. Qf2 e6 20. Ne3 f5 21. Qh4 h5 22.
Rf2 Ne8 23. g4 fxg4 24. Nxg4 Kg7 25. Ne3 a5 26. Nc2 Qf6 27. Nxd4 cxd4 28. Qh3
Nc7 29. Qg2 e5 30. f5 h4 31. Qg4 h3 32. Nxh3 Rh8 33. Rg2 Rh4 34. Qxg6+ Qxg6 35.
Rxg6+ Kf8 36. Kg2 1-0

[Event "BUL champ seniors 2011"]
[Site "?"]
[Date "2011.05.20"]
[Round "9.8"]
[White "Anev, Asen"]
[Black "Kostov, Nikolay"]
[Result "1-0"]
[WhiteElo "2072"]
[BlackElo "1995"]
[PlyCount "65"]
[EventDate "2011.05.18"]
[SourceDate "2011.05.15"]

1. d4 Nf6 2. c4 e6 3. Nf3 b6 4. g3 Bb7 5. Bg2 c5 6. d5 exd5 7. Nh4 d6 8. Nc3
Qd7 9. cxd5 Be7 10. e4 Na6 11. O-O h6 12. Re1 O-O-O 13. Nf5 Bf8 14. a3 g6 15.
Ne3 Kb8 16. Nc4 Nc7 17. e5 Nfxd5 18. Qf3 b5 19. Nxd6 Bxd6 20. exd6 Qxd6 21. Bf4
Qb6 22. Nxd5 Bxd5 23. Qc3 Bxg2 24. Re7 Bb7 25. Bxc7+ Qxc7 26. Rxc7 Kxc7 27.
Qxc5+ Kb8 28. Qxb5 Rd5 29. Qe2 Rhd8 30. Re1 a6 31. h3 h5 32. Kh2 Rd2 33. Qe3
1-0

[Event "BUL champ seniors 2011"]
[Site "?"]
[Date "2011.05.20"]
[Round "9.3"]
[White "Vachev, Vladimir"]
[Black "Karadimov, Marin"]
[Result "1-0"]
[WhiteElo "2149"]
[BlackElo "2060"]
[PlyCount "95"]
[EventDate "2011.05.18"]
[SourceDate "2011.05.15"]

1. d4 d5 2. Nf3 Nf6 3. c4 e6 4. Nc3 c6 5. Qd3 Nbd7 6. g3 Bd6 7. Bg2 dxc4 8.
Qxc4 e5 9. O-O O-O 10. Bg5 h6 11. Bxf6 Qxf6 12. Ne4 Qe7 13. Nxd6 Qxd6 14. Rfd1
e4 15. Nd2 Nb6 16. Qc5 Qxc5 17. dxc5 Nd7 18. Nxe4 f5 19. Nd6 Nxc5 20. Rac1 Na6
21. e3 Rb8 22. Nxc8 Rbxc8 23. Bf1 Nb8 24. h4 Kf7 25. Bh3 Ke7 26. e4 g6 27. exf5
gxf5 28. Rc5 Rcd8 29. Re1+ Kd6 30. Rxf5 Rxf5 31. Bxf5 Kc5 32. Re2 b5 33. g4 Rd5
34. Be4 Rd4 35. f3 Kd6 36. Kf2 Nd7 37. Ke3 Rd1 38. Rd2+ Rxd2 39. Kxd2 c5 40. g5
hxg5 41. hxg5 Nf8 42. f4 Ne6 43. Ke3 a5 44. g6 Ng7 45. Bc2 a4 46. Ke4 c4 47. f5
Ke7 48. Kd4 1-0

[Event "BUL champ seniors 2011"]
[Site "?"]
[Date "2011.05.20"]
[Round "9.13"]
[White "Atanasov, Stoyan"]
[Black "Sapareva, Magdalena"]
[Result "1-0"]
[WhiteElo "1865"]
[BlackElo "1677"]
[PlyCount "99"]
[EventDate "2011.05.18"]
[SourceDate "2011.05.15"]

1. e4 c5 2. Nc3 Nc6 3. g3 d6 4. Bg2 e5 5. d3 h6 6. Nge2 Nf6 7. h3 Be6 8. O-O
Be7 9. f4 O-O 10. f5 Bc8 11. g4 Nh7 12. Nd5 Bg5 13. Bxg5 Qxg5 14. c3 Ne7 15.
Nxe7+ Qxe7 16. Ng3 Qh4 17. Kh2 Rb8 18. Rf2 Bd7 19. Qe2 g6 20. Raf1 Qe7 21. Qe3
g5 22. Qf3 f6 23. Rd1 Qf7 24. b3 b5 25. Nf1 Bc6 26. Ne3 Rfd8 27. d4 cxd4 28.
cxd4 a5 29. Rfd2 Rd7 30. Rc1 Rc7 31. d5 Be8 32. Rdc2 Rbc8 33. Qd1 Nf8 34. Bf1
Rxc2+ 35. Rxc2 Rxc2+ 36. Qxc2 h5 37. Qc3 Qa7 38. gxh5 b4 39. Qd3 Bxh5 40. Nc4
Qc5 41. Qe3 Qc7 42. Qb6 Qc5 43. Qxc5 dxc5 44. Nxa5 Bf3 45. Bd3 Nd7 46. Kg3 Bh5
47. Nb7 Be8 48. Bb5 Kf8 49. Bxd7 Bxd7 50. Nxc5 1-0